Southville International School and Colleges
Your cart is empty.
  • Cart
  • Lists
    Public lists Eva Luna New books Lux_list list_1
    Your lists Log in to create your own lists
  • Log in to your account
  • Your cookies
  • Search history
Southville International School and Colleges
  • Advanced search
  • Recent comments
  • Most popular
  • Libraries

Log in to your account

Log in with GOOGLE


If you do not have an external account, but do have a local account, you can still log in:

  1. Home
  2. MARC view: The lucky one
Normal view MARC view ISBD view

The lucky one (Record no. 26099)

[ view plain ]
MARC details
000 -LEADER
fixed length control field 00886nam a22002297a 4500
003 - CONTROL NUMBER IDENTIFIER
control field PILC
005 - DATE AND TIME OF LATEST TRANSACTION
control field 20160129112156.0
008 - FIXED-LENGTH DATA ELEMENTS--GENERAL INFORMATION
fixed length control field 140123b xxu||||| |||| 00| 0 eng d
020 ## - INTERNATIONAL STANDARD BOOK NUMBER
International Standard Book Number 9781455508976
050 ## - LIBRARY OF CONGRESS CALL NUMBER
Classification number PS 3569.P363
Item number . Sp261 2008
100 ## - MAIN ENTRY--PERSONAL NAME
Personal name Sparks, Nicholas
245 ## - TITLE STATEMENT
Title The lucky one
Statement of responsibility, etc Nicholas Sparks.
260 ## - PUBLICATION, DISTRIBUTION, ETC. (IMPRINT)
Place of publication, distribution, etc USA :
Name of publisher, distributor, etc Grand Central Pub,
Date of publication, distribution, etc 1998.
300 ## - PHYSICAL DESCRIPTION
Extent 221p. :
Other physical details ill. ;
Dimensions 18 cm.
520 ## - SUMMARY, ETC.
Summary, etc U.S. Marine Logan Thibault believes he's found a lucky charm buried in the sands of Iraq: a photograph of a smiling woman. The chain of events that leads to him possessing the photograph and finding the woman pictured in it is the stuff of love stories.
650 ## - SUBJECT ADDED ENTRY--TOPICAL TERM
Topical term or geographic name as entry element U.S. Marine Story-Fiction
650 ## - SUBJECT ADDED ENTRY--TOPICAL TERM
Topical term or geographic name as entry element Divorce Woman-Fiction
650 ## - SUBJECT ADDED ENTRY--TOPICAL TERM
Topical term or geographic name as entry element Lucky charm -- Fiction
650 ## - SUBJECT ADDED ENTRY--TOPICAL TERM
Topical term or geographic name as entry element North Carolina --Fiction.
942 ## - ADDED ENTRY ELEMENTS (KOHA)
Source of classification or shelving scheme Library of Congress Classification
Koha item type Books
Holdings
Withdrawn status Lost status Source of classification or shelving scheme Damaged status Home library Current library Shelving location Date acquired Total Checkouts Total Renewals Full call number Barcode Date last seen Date checked out Copy number Price effective from Koha item type
    Library of Congress Classification   Luxembourg Library Luxembourg Library Fiction Section 01/23/2014 6 17 PS 3569.P363 .Sp261 2008 19631 04/25/2018 01/25/2018 1 01/23/2014 Books

The lucky one

APA

Sparks N., . (1998). The lucky one. USA: Grand Central Pub.

Chicago

Sparks Nicholas, . 1998. The lucky one. USA: Grand Central Pub.

Harvard

Sparks N., . (1998). The lucky one. USA: Grand Central Pub.

MLA

Sparks Nicholas, . The lucky one. USA: Grand Central Pub. 1998.

  • Place hold
  • Print
  • Cite
  • Add to your cart (remove)
  • Save record
    BIBTEX Dublin Core MARCXML MARC (non-Unicode/MARC-8) MARC (Unicode/UTF-8) MARC (Unicode/UTF-8, Standard) MODS (XML) RIS
  • More searches
    Search for this title in:
    Other Libraries (WorldCat) Other Databases (Google Scholar) Online Stores (Bookfinder.com) Open Library (openlibrary.org)

Exporting to Dublin Core...

SOUTHVILLE LIBRARY

Southville International School and Colleges Library

1281 Tropical Ave. Cor. Luxembourg St., BF Homes International, Las Pinas City

Tel. No. 8256374 / 252358 Loc. 117/146

Powered by Koha